<?xml version="1.0" encoding="UTF-8"?>
<marc:record xmlns:marc="http://www.loc.gov/MARC21/slim">
   <marc:leader>00000nam a2200000 a 4500</marc:leader>
   <marc:datafield ind1="1" ind2=" " tag="100">
      <marc:subfield code="a">Tasty Katy</marc:subfield>
      <marc:subfield code="4">aut</marc:subfield>
      <marc:subfield code="e">Verfasser/-in</marc:subfield>
   </marc:datafield>
   <marc:datafield ind1=" " ind2=" " tag="653">
      <marc:subfield code="a">vegetarisch</marc:subfield>
   </marc:datafield>
   <marc:datafield ind1=" " ind2=" " tag="653">
      <marc:subfield code="a">Ayurveda</marc:subfield>
   </marc:datafield>
   <marc:datafield ind1=" " ind2=" " tag="653">
      <marc:subfield code="a">Ernährungstipps</marc:subfield>
   </marc:datafield>
   <marc:datafield ind1=" " ind2=" " tag="653">
      <marc:subfield code="a">Rezepte</marc:subfield>
   </marc:datafield>
   <marc:datafield ind1=" " ind2=" " tag="653">
      <marc:subfield code="a">gesunde Rezepte</marc:subfield>
   </marc:datafield>
   <marc:datafield ind1=" " ind2=" " tag="653">
      <marc:subfield code="a">Veggie World</marc:subfield>
   </marc:datafield>
   <marc:datafield ind1=" " ind2=" " tag="653">
      <marc:subfield code="a">vegane Ernährung</marc:subfield>
   </marc:datafield>
   <marc:datafield ind1=" " ind2=" " tag="653">
      <marc:subfield code="a">Gesunde Küche</marc:subfield>
   </marc:datafield>
   <marc:datafield ind1=" " ind2=" " tag="653">
      <marc:subfield code="a">einfache Rezepte</marc:subfield>
   </marc:datafield>
   <marc:datafield ind1=" " ind2=" " tag="653">
      <marc:subfield code="a">Kochbuch</marc:subfield>
   </marc:datafield>
   <marc:datafield ind1=" " ind2=" " tag="653">
      <marc:subfield code="a">vegan</marc:subfield>
   </marc:datafield>
   <marc:datafield ind1=" " ind2=" " tag="653">
      <marc:subfield code="a">veganes Kochbuch</marc:subfield>
   </marc:datafield>
   <marc:datafield ind1=" " ind2=" " tag="653">
      <marc:subfield code="a">vegetarisches Kochbuch</marc:subfield>
   </marc:datafield>
   <marc:datafield ind1=" " ind2=" " tag="653">
      <marc:subfield code="a">vegan kochbuch</marc:subfield>
   </marc:datafield>
   <marc:datafield ind1=" " ind2=" " tag="653">
      <marc:subfield code="a">kochbuch vegan</marc:subfield>
   </marc:datafield>
   <marc:datafield ind1=" " ind2=" " tag="653">
      <marc:subfield code="a">kochen</marc:subfield>
   </marc:datafield>
   <marc:datafield ind1=" " ind2=" " tag="653">
      <marc:subfield code="a">Kochbücher</marc:subfield>
   </marc:datafield>
   <marc:datafield ind1=" " ind2=" " tag="653">
      <marc:subfield code="a">Softcover / Ratgeber/Essen</marc:subfield>
   </marc:datafield>
   <marc:datafield ind1=" " ind2=" " tag="653">
      <marc:subfield code="a">Trinken/Gesunde Küche</marc:subfield>
   </marc:datafield>
   <marc:datafield ind1=" " ind2=" " tag="653">
      <marc:subfield code="a">Schlanke Küche</marc:subfield>
   </marc:datafield>
   <marc:datafield ind1="0" ind2="0" tag="245">
      <marc:subfield code="a">Vegan Ayurveda</marc:subfield>
   </marc:datafield>
   <marc:datafield ind1="0" ind2="0" tag="245">
      <marc:subfield code="c">Tasty Katy</marc:subfield>
   </marc:datafield>
   <marc:datafield ind1=" " ind2="1" tag="264">
      <marc:subfield code="a">Grünwald</marc:subfield>
      <marc:subfield code="b">PAPERISH Verlag GmbH</marc:subfield>
      <marc:subfield code="c">2022</marc:subfield>
   </marc:datafield>
   <marc:datafield ind1=" " ind2=" " tag="250">
      <marc:subfield code="a">1. Auflage</marc:subfield>
   </marc:datafield>
   <marc:datafield ind1="1" ind2=" " tag="520">
      <marc:subfield code="a">Angaben aus der Verlagsmeldung

VEGAN AYURVEDA – Das Kochbuch : Natürliche und gesunde Rezepte für mehr Wohlbefinden und Selbstliebe / von Tasty Katy (Katharina Döricht)

„Schön, dass Du dieses Buch in den Händen hältst – denn genau damit beginnt ein gesundes Leben: mit der Entscheidung, etwas verändern zu wollen!“ Katharina Döricht

 

Jeder kann Ayurveda. Man muss kein Experte sein, um ayurvedische Prinzipien in die Ernährung und in den Alltag zu integrieren. Wie genussvoll und unkompliziert es sein kann, nach diesen uralten Prinzipien heute zu kochen, zeigt die erfolgreiche Autorin und Food-Bloggerin Katharina Döricht („Tasty Katy“) in ihrem neuen Buch „Vegan Ayurveda“. Darin verbindet sie vegane Ernährung mühelos mit ayurvedischen Prinzipien und hat dabei immer eines im Blick: Genuss und gesundes Leben schließen sich nicht aus. 

 

100 neue leckere und gesunde Rezepte stellt Katharina hier vor: alle vegan, glutenfrei, ohne industriellen Zucker und aus natürlichen Zutaten. Neben Klassikern des Ayurveda, wie dem Kitchari, finden sich hier auch praktische Basics von Gewürzmischungen, die auf den eigenen Ernährungs-Typ abgestimmt sind, bis hin zu immunstärkenden Ingwer-Shots. Ganz neu zu entdecken sind die Lieblingsrezepte aus der internationalen Küche, die Katharina ayurvedisch und vegan kreiert hat: ob Zwischenmahlzeiten wie Bruschetta und Hummus oder Comfort Food wie Lasagne und Gnocchi. Und weil ein guter Tag mit dem Frühstück beginnt, gibt es eine Vielzahl leckerer Frühstücks- und Brunch-Rezepte, bis hin zur Hafermilch „Barista-Version“ für den Cappuccino, den man zu Muffins und Schokoaufstrich genießen kann.

 

Das Besondere an diesem Buch: Katharina hat die Rezepte so kreiert, dass sie für alle Doshas geeignet sind und zusätzlich für die eigene Konstitution, den eigenen Verdauungstyp noch individuell angepasst werden können.

 

Neben den Rezepten gibt dieses Buch auch eine Einführung in die Ayurveda-Prinzipien: klar, kompakt und alltagstauglich: Welcher Verdauungs-Typ bin ich, Was ist die Dosha-Uhr, wie kann ich die Ernährung gemäß der Jahreszeiten variieren, was ist für mich eine geeignete Ayurveda-Morgenroutine?

 

Katharina Döricht will ihre Leser*innen mit „Vegan Ayurveda“ inspirieren und auf dem Weg zu einer bewussten Ernährung mit vielen neuen Ideen begleiten. Eine spannende Reise durch die Welt des Geschmacks und der Aromen, bei der man alles über deren faszinierende Wirkungen erfährt.

VEGAN AYURVEDA bietet:

- 100 neue unkomplizierte Rezepte – vegan, glutenfrei und ohne industriellen Zucker – variierbar für den eigenen Ernährungstyp

- Rezepte: Basics, Warmes Frühstück für jeden Tag, Brunchrezepte, Suppen, Salate und Beilagen, Hauptmahlzeiten, Comfort Food, Süße Speisen und Desserts

- Grundwissen des Ayurveda, verständlich erklärt

- Grundregeln der ayurvedischen Ernährung

- Ayurvedische Routinen und Jahreszeiten-Überblick 

- Ayurvedisch-vegane Einkaufsliste

</marc:subfield>
   </marc:datafield>
   <marc:datafield ind1=" " ind2=" " tag="020">
      <marc:subfield code="a">9783968950167</marc:subfield>
      <marc:subfield code="9">9783968950167</marc:subfield>
   </marc:datafield>
   <marc:datafield ind1=" " ind2=" " tag="020">
      <marc:subfield code="a">396895016X</marc:subfield>
      <marc:subfield code="9">396895016X</marc:subfield>
   </marc:datafield>
   <marc:datafield ind1=" " ind2=" " tag="041">
      <marc:subfield code="a">ger</marc:subfield>
   </marc:datafield>
   <marc:datafield ind1=" " ind2=" " tag="300">
      <marc:subfield code="a">276 Seiten</marc:subfield>
   </marc:datafield>
</marc:record>
